000 00374nam a22001457a 4500
008 230619b xxu||||| |||| 00| 0 eng d
020 _a017711116X
082 _a301.11
_bBIR
100 _cArnold Birenbaum
245 _aPeople in Places
_bThe Sociology of the familiar
260 _bpraeger publishers, Inc
300 _a301p
700 _cEdward Sagarin
942 _2ddc
_cBK
999 _c1305
_d1305